Essential Statistics (Record no. 594909)

MARC details
000 -LEADER
fixed length control field 00361nam a2200145Ia 4500
008 - FIXED-LENGTH DATA ELEMENTS--GENERAL INFORMATION
fixed length control field 100415s9999 xx 000 0 und d
082 ## - DEWEY DECIMAL CLASSIFICATION NUMBER
Item number 11992
Classification number 519.5
100 ## - MAIN ENTRY--PERSONAL NAME
Personal name Rees DG
245 ## - TITLE STATEMENT
Title Essential Statistics
260 ## - PUBLICATION, DISTRIBUTION, ETC. (IMPRINT)
Place of publication, distribution, etc LONDON
Date of publication, distribution, etc 1985
Name of publisher, distributor, etc CHAPMAN AND HILL
365 ## - TRADE PRICE
Price amount 0
630 ## - SUBJECT ADDED ENTRY--UNIFORM TITLE
Uniform title Essential Statistics
730 ## - ADDED ENTRY--UNIFORM TITLE
Uniform title Essential Statistics
942 ## - ADDED ENTRY ELEMENTS (KOHA)
Koha item type Book
Holdings
Withdrawn status Lost status Damaged status Not for loan Home library Current library Date acquired Cost, normal purchase price Total Checkouts Full call number Barcode Date last seen Price effective from Koha item type
        Bombay Natural History Society Bombay Natural History Society 09/02/1997 0.00   519.5 11992 BNHS-11992 04/15/2010 04/15/2010 Book